Essentials of corporate and capital formation (Record no. 62832)
[ view plain ]
| 000 -LEADER | |
|---|---|
| fixed length control field | 00847nam a2200193 a 4500 |
| 008 - FIXED-LENGTH DATA ELEMENTS--GENERAL INFORMATION | |
| fixed length control field | 130911s2010 ||||||||||||||||| || u |
| 020 ## - INTERNATIONAL STANDARD BOOK NUMBER | |
| International Standard Book Number | 9780470496565 |
| 050 ## - LIBRARY OF CONGRESS CALL NUMBER | |
| Classification number | HG 4023.C4 Fat |
| 100 ## - MAIN ENTRY--PERSONAL NAME | |
| Personal name | Fater David H |
| 245 10 - TITLE STATEMENT | |
| Title | Essentials of corporate and capital formation |
| Statement of responsibility, etc. | by David H. Fater |
| 260 ## - PUBLICATION, DISTRIBUTION, ETC. | |
| Place of publication, distribution, etc. | Hoboken, New Jersey: |
| Name of publisher, distributor, etc. | John Wiley and Sons |
| Date of publication, distribution, etc. | 2010 |
| 300 ## - PHYSICAL DESCRIPTION | |
| Extent | xx, 331p.: ill. |
| 650 #0 - SUBJECT ADDED ENTRY--TOPICAL TERM | |
| Topical term or geographic name entry element | INDUSTRIAL MANAGEMENT |
| 650 ## - SUBJECT ADDED ENTRY--TOPICAL TERM | |
| Topical term or geographic name entry element | SAVING AND INVESTMENT |
| 650 ## - SUBJECT ADDED ENTRY--TOPICAL TERM | |
| Topical term or geographic name entry element | CAPITAL INVESTMENTS |
| 650 ## - SUBJECT ADDED ENTRY--TOPICAL TERM | |
| Topical term or geographic name entry element | CAPITAL MARKET |
| 995 ## - | |
| -- | MAIN LIBRARY OPEN ACCESS |
| -- | 744516 |
| -- | CBU-MAIN LIBRARY (Kitwe) |
| -- | HG 4023.C4 Fat |
| -- | 1 |
| -- | AVAILABLE |
| -- | Sep 13, 2013 |
| -- | 744516 |
| -- | Main Library Open Access Collection |
| 995 ## - | |
| -- | MAIN LIBRARY OPEN ACCESS |
| -- | 744517 |
| -- | CBU-MAIN LIBRARY (Kitwe) |
| -- | HG 4023.C4 Fat |
| -- | 2 |
| -- | AVAILABLE |
| -- | Sep 13, 2013 |
| -- | 744517 |
| -- | Main Library Open Access Collection |
| 999 ## - | |
| -- | 62832 |
| -- | 62832 |
| Withdrawn status | Lost status | Source of classification or shelving scheme | Damaged status | Not for loan | Permanent Location | Current Location | Shelving location | Date acquired | Total Checkouts | Full call number | Barcode | Date last seen | Price effective from | Koha item type |
|---|---|---|---|---|---|---|---|---|---|---|---|---|---|---|
| CBU-MAIN LIBRARY, KITWE. | CBU-MAIN LIBRARY, KITWE. | 12/16/2022 | HG 4023.C4 Fat | 744516 | 12/16/2022 | 12/16/2022 | MONOGRAPH | |||||||
| CBU-MAIN LIBRARY, KITWE. | CBU-MAIN LIBRARY, KITWE. | 12/16/2022 | HG 4023.C4 Fat | 744517 | 12/16/2022 | 12/16/2022 | MONOGRAPH |